ARRUPE JESUIT UNIVERSITY

CORONAVIRUS -STOP THE SPREAD - CLEAN,DISINFECT,COVER

Job 1-20 / (Record no. 122020)

MARC details
000 -LEADER
fixed length control field 00868cam a2200301 a 4500
001 - CONTROL NUMBER
control field 4471080
003 - CONTROL NUMBER IDENTIFIER
control field ARRUPE
005 - DATE AND TIME OF LATEST TRANSACTION
control field 20150313175139.0
008 - FIXED-LENGTH DATA ELEMENTS--GENERAL INFORMATION
fixed length control field 900214s1989 txu b 000 0 eng d
010 ## - LIBRARY OF CONGRESS CONTROL NUMBER
LC control number 81071768
020 ## - INTERNATIONAL STANDARD BOOK NUMBER
International Standard Book Number 0849902169 (vol. 17)
035 ## - SYSTEM CONTROL NUMBER
System control number (OCoLC)20779486
035 ## - SYSTEM CONTROL NUMBER
System control number (OCoLC)ocm20779486
035 ## - SYSTEM CONTROL NUMBER
System control number (NNC)4471080
040 ## - CATALOGING SOURCE
Original cataloging agency NNUT
Transcribing agency NNUT
050 ## - LIBRARY OF CONGRESS CALL NUMBER
Classification number BS491.2
Item number W67
300 ## - PHYSICAL DESCRIPTION
Dimensions 24 cm.
100 1# - MAIN ENTRY--PERSONAL NAME
Personal name Clines, David J. A.
9 (RLIN) 15037
245 10 - TITLE STATEMENT
Title Job 1-20 /
Statement of responsibility, etc David J.A. Clines.
260 ## - PUBLICATION, DISTRIBUTION, ETC. (IMPRINT)
Place of publication, distribution, etc Dallas, Tex. :
Name of publisher, distributor, etc Word Pub.,
Date of publication, distribution, etc c1989.
300 ## - PHYSICAL DESCRIPTION
Extent cxv, 501 p. ;
490 1# - SERIES STATEMENT
Series statement Word biblical commentary ;
Volume number/sequential designation v. 17
504 ## - BIBLIOGRAPHY, ETC. NOTE
Bibliography, etc Bibliography: p. [lxiii]-cxv.
630 00 - SUBJECT ADDED ENTRY--UNIFORM TITLE
Uniform title Bible.
Name of part/section of a work Job
Form subdivision Commentaries.
9 (RLIN) 14988
740 0# - ADDED ENTRY--UNCONTROLLED RELATED/ANALYTICAL TITLE
Uncontrolled related/analytical title Job one through twenty.
830 #0 - SERIES ADDED ENTRY--UNIFORM TITLE
Uniform title Word biblical commentary ;
Volume number/sequential designation v. 17.
9 (RLIN) 15038
942 ## - ADDED ENTRY ELEMENTS (KOHA)
Source of classification or shelving scheme Library of Congress Classification
Koha item type Monograph ( Printed materials)
Holdings
Withdrawn status Lost status Source of classification or shelving scheme Damaged status Not for loan Collection code Home library Current library Shelving location Date acquired Total Checkouts Full call number Barcode Date last seen Date checked out Price effective from Koha item type
    Library of Congress Classification     Main Collection ARRUPE LIBRARY ARRUPE LIBRARY Main Collection 10/02/2015 1 BS491.2 W67 46500001064 22/02/2017 20/02/2017 10/02/2015 Monograph ( Printed materials)

 

Arrupe Library. PO Box MP320 Mt Pleasant, Harare, Zimbabwe
263 242 745411|librarian@aju.ac.zw